| 000 | 00999nam a2200205Ia 4500 | ||
|---|---|---|---|
| 005 | 20240530110945.0 | ||
| 008 | 140319s2021 ua a g 000 0 ara d | ||
| 017 |
_bمصر. دار الكتب _a11914 |
||
| 020 | _a9789777334167 | ||
| 040 |
_aGCL / _cGCL |
||
| 082 | 0 | 4 |
_221 _a371.3 _bإ ت |
| 100 | 0 | _aابراهيم السيد عيسى غنيم | |
| 245 | 1 | 2 |
_aالتطبيقات التربوية للتعلم الدماغى : _bالاثراء البيئى - المنهج المتناغم مع الدماغ - التعاون - الحركة - البدائل والخيارات - الوقت - التغذية الراجعة الفورية - الاتقان - تجنب التهديد / _cابراهيم السيد عيسى غنيم |
| 250 | _aط. 1 | ||
| 260 |
_aالاسكندرية : _bدار التعليم الجامعى، _c2021. |
||
| 300 |
_a236 ص. : _bايض ؛ _c24 سم. |
||
| 650 | 0 | 7 | _aالتعلم الدماغى |
| 942 |
_2ddc _cBK |
||
| 999 |
_c66893 _d66893 |
||